| 000 | 00338nam a22001337a 4500 | ||
|---|---|---|---|
| 020 | _a9780750689144 | ||
| 082 |
_a631.372 _bSOU/TR |
||
| 100 |
_aSouthorn, Neil _91384 |
||
| 245 | _aTractors: Operation, Performance and Maintenance | ||
| 260 |
_aAustralia _bInkata Press _c1995 |
||
| 300 | _a143 | ||
| 500 | _aPractical Farming | ||
| 942 | _cBK | ||
| 999 |
_c13707 _d13707 |
||